Welcome to CU Library Online Public Access Catalogue (OPAC)

THE PENTATEUCH; (Record no. 6773)

MARC details
000 -LEADER
fixed length control field 00381nam a22001337a 4500
005 - DATE AND TIME OF LATEST TRANSACTION
control field 20250628155911.0
008 - FIXED-LENGTH DATA ELEMENTS--GENERAL INFORMATION
fixed length control field 250628b |||||||| |||| 00| 0 eng d
050 ## - LIBRARY OF CONGRESS CALL NUMBER
Classification number BS1225
Item number .2 BLE
100 ## - MAIN ENTRY--PERSONAL NAME
Personal name BLENKINSOPP JOSEPH
245 ## - TITLE STATEMENT
Title THE PENTATEUCH;
Remainder of title AN INTRODUCTION TO THE FIRST FIVE BOOKS OF THE BIBLE
260 ## - PUBLICATION, DISTRIBUTION, ETC.
Place of publication, distribution, etc. NEW YORK
Name of publisher, distributor, etc. DOUBLEDAY
Date of publication, distribution, etc. c1992
300 ## - PHYSICAL DESCRIPTION
Extent x, 273p
942 ## - ADDED ENTRY ELEMENTS (KOHA)
Source of classification or shelving scheme Library of Congress Classification
Koha item type Books
Suppress in OPAC No
999 ## -
-- 6773
-- 6773
Holdings
Withdrawn status Lost status Source of classification or shelving scheme Damaged status Not for loan Collection Home library Current library Shelving location Date acquired Total checkouts Full call number Barcode Date last seen Copy number Price effective from Koha item type
    Library of Congress Classification     Non-fiction Undergraduate Library (Christ Temple) Undergraduate Library (Christ Temple) General stacks 06/28/2025   BS1225.2 BLE ulct00003629 06/28/2025 1 06/07/2025 Books
© 2023-2024 Copyright: Central University Libraries. All Rights Reserved | Created by: Mahone Tech Office